000 01092nam a2200325Ia 4500
001 5952
003 IT-RoPAU
008 130308s9999 xx 000 0 und d
040 _aIT-RoPAU
040 _cIT-RoPAU
041 _aITALIANO
100 _aCaprioli Franco
100 _gCodice Aut. SPICS: 8469
245 _aFigli del capitano Grant (I)
245 _bFigli del capitano Grant (I)
250 _a1a ed.
260 _aMILANO
260 _bEp/Famiglia Cristiana
260 _c1975 [1° Ed.:1975 - Ed.Ling.Originale:1975]
300 _a"64 p. (prefazione: no ; testo: 64)"
500 _aFumetto Tratto dal Volume di Giulio Verne Disegni di Franco Caprioli e riduzione del testo di Rudolph presentazione di Corrado Biggi Fumetto e Letteratura Fumetto di Avventura le ultime 7 tavole Sono di Gino D'Antonio per L'Improvvisa Morte di Caprioli
650 _aAUTORI/OPERE DI FUMETTO
650 _eCodice materia Spics: 6707
700 _aRoudolph (Traverso Raoul)
700 _gCodice Aut. SPICS: 1821
942 _cBK
957 _71
999 _c70182
_d70182
999 _bSI
999 _g1